| 000 | 00772cam a2200217 4500 | ||
|---|---|---|---|
| 001 | WB3548-09 | ||
| 008 | 000000n1999 000 0 eng u | ||
| 035 | _a(Sirsi) u103081 | ||
| 245 | _aRates for fibre optic cables | ||
| 260 | _c1999 | ||
| 490 |
_aEstates and Wayleaves Committee Press Release _v3 December 1999 (1) |
||
| 520 | _aNew financial terms for the installation of fibre optic telecommunications cables on overhead lines in England and Wales have been agreed with the NFU, CLA and FUW. | ||
| 590 | _aWB | ||
| 650 | _aWAYLEAVE PAYMENTS | ||
| 650 | _aNATIONAL FARMERS UNION | ||
| 650 | 0 | _aCOUNTRY LANDOWNERS ASSOCIATION | |
| 650 | _aFARMERS UNION OF WALES | ||
| 650 | _aOVERHEAD LINES | ||
| 690 | _aHIGHWAYS RIGHTS OF WAY AND EASEMENTS | ||
| 942 | _n0 | ||
| 999 |
_c61949 _d61949 |
||